K problematike črevných nekróz ; Rudolf Moravec, Matej Ján Bencúr, Ján Slančík, Peter Labaš

Bibliographic Details
Main Authors: Moravec, Rudolf, 1930-2008 (Author), Bencúr, Ján Matej, 1923-1990 (Author), Slančík, Ján (Author), Labaš, Peter, 1949- (Author)
Format: Article
Language:Slovak
PhysicalDescription:Tb. 1. Res. rus., angl., nem.
Subjects:

MARC

LEADER 00000nab a2200000 a 4500
001 vtls000075548
003 SK-MaSNL
005 20260304195806.0
008 250422c1980 xo 0 slo
015 |a SNBRB19rr/mm-uuuuu 
035 |a CL0085649 
035 |a urn:nbn:sk:snk-ab224 
035 |a (urnnbn)urn:nbn:sk:snk:ar-a03jyc 
035 |a (uuid)e423c0f5-2e89-41a4-9146-b6ec54fc6865 
040 |a SNKBUCL  |b slo  |c SNKBUCL  |e AACR2 
041 0 |a slo 
044 |a xo  |c SK 
080 |a 616.3  |2 1981 
080 |a 616.07  |2 1981 
245 0 0 |a K problematike črevných nekróz ; Rudolf Moravec, Matej Ján Bencúr, Ján Slančík, Peter Labaš 
300 |b Tb. 1. Res. rus., angl., nem. 
650 0 7 |a nekróza (medicína)  |2 snkbucl  |9 15734 
650 0 7 |a črevá  |2 snkbucl  |9 26851 
655 7 |a články z novín a časopisov  |2 snkbucl  |9 267496 
700 1 |a Moravec, Rudolf,  |d 1930-2008  |4 aut  |9 91300 
700 1 |a Bencúr, Ján Matej,  |d 1923-1990  |4 aut  |9 169828 
700 1 |a Slančík, Ján  |4 aut  |9 6687 
700 1 |a Labaš, Peter,  |d 1949-  |4 aut  |9 199161 
773 0 |t Bratislavské lekárske listy  |g Roč. 74, č. 6 (1980), s. 653-659 
850 |a Slovenská národná knižnica 
852 |a Slovenská národná knižnica 
954 |a odborná, vedecká literatúra pôvodná (slovenská)  |2 lita 
958 |a article27 
958 |a RK 
958 |a MI 
958 |a OND 
958 |a EUIPO 
992 |a RBX 
999 |c 3082960  |d 3084890